000
00239nam a22001097a 4500
020
_a
9789327224542
082
_a
576
_b
SIN/MI
100
_a
Singh, R.P
245
_a
Microbiology
260
_a
Ludhiana
_b
Kalyani Publishers
_c
2004
942
_c
BK
999
_c
13911
_d
13911